| 000 | 00458 a2200181 4500 | ||
|---|---|---|---|
| 005 | 20260121163401.0 | ||
| 008 | 260121b |||||||| |||| 00| 0 eng d | ||
| 020 |
_a9798898486112 _c$ 150.00 |
||
| 040 | _aMAIN | ||
| 082 |
_a572 _bM199F |
||
| 100 | _aMckenzie, Harwell | ||
| 245 | _aFundamental of biochemistry | ||
| 260 |
_bCell Publishing _c2026 _aWyoming |
||
| 300 | _a286 | ||
| 650 | _aBiochemistry | ||
| 650 | _aProtein Activation | ||
| 942 | _cBK | ||
| 999 |
_c394106 _d394106 |
||